000 05570ncm2a2200541 4500
001 RU\NLR\ONIZ\298593
005 20260215050719.0
035 _a(NLR Aleph) 022092350
090 _a13551487
_c13551487
100 _a20230713d1796 u y0rusy50 ca
101 0 _aita
125 _acx
128 _aar
_acav
_aop
135 _acrcn 024anaba
145 0 _ac
200 1 _aCavatina nell' opera "I zingari in fiera"
_e"Ah! il trepiede lo spiedo!.."
_fdel sgr. Paisiello
_gcantata dalla sgra. Gasparini
203 _aМузыка
_bзнаковая
_bвизуальная
_cнепосредственная
210 _d[1796]
215 _a12 с.
225 1 _aGiornale musicale del Teatro italiano di St. Pietroburgo, o scelta d'arie, duetti, terzetti, overturi, etc. delle opere buffe, rappresentate sul Teatro imperiale de St. Pietroburgo, dati in luce ed acomodati per essere accompagnati d'un cembalo solo da Bernardo Theodoro Breitkopf, dilettante
_e[per canto con accompagnato di cembalo, per cembalo solo]
_i[Т. 2]
_v№ 20
313 _aСистематизация документа проведена по изданию - Методика классифицирования музыкальных произведений (нотных изданий) по таблицам Библиотечно-библиографических классификаций : метод. рекомендации / Гос. б-ка СССР им. В.И. Ленина.- М., 1977. Индексу ББК методических рекомендаций присваивается код ББК для научных библиотек - LBC/SL
316 _6b03852
_aЭкз. М 970-4/Ж.920(1) (№ 22389). Припл. к: Bianchi F. Overtura dell'opera "La villanella rapita". St. Pietroburgo , 1795
_5NLR
325 _aКопия доступна в Электрон. б-ке РНБ
423 0 _12001#$aScena nell' opera "I visionari"$e"Pien d'ira, furor, dispetto..."$fdel sgr. Astaritta$gcantata dalla sgra. Gasparini
_1215##$aС. 5-12
_1300##$aСцена нчинается с речитатива: "Misera me! che ascolto!.."
_150000$aМечтатели$lОпера
_1700#1$9z01790$aАстаритта [Астарита]$bД.$gДженнаро$f1745/49 - 1805$4230$7ca
_1702#1$9z02790$aГаспарини де Купис$bД.$gДжулия$f2-я пол. 18 в.$4721$7ca
_1790#1$9z01700$aAstaritta$bG.$gGennaro$f1745/49 - 1805$4230$7ba
_1790#1$9z02702$aGasparini de Cupis$bG.$gGiulia$f2-я пол. 18 в.$4721$7ba
_tScena nell' opera "I visionari"
_aАстаритта [Астарита], Дженнаро (1745/49 - 1805)
461 0 _1001RU\NLR\ONIZ\303181
_12001#$aGiornale musicale del Teatro italiano di St. Pietroburgo, o scelta d'arie, duetti, terzetti, overturi, etc. delle opere buffe, rappresentate sul Teatro imperiale de St. Pietroburgo, dati in luce ed acomodati per essere accompagnati d'un cembalo solo da Bernardo Theodoro Breitkopf, dilettante$bНоты$e[per canto con accompagnato di cembalo, per cembalo solo]$v
_912720462
_cSt. Pietroburgo
_d1795-1798
_nnella Libreria di Ch. Lisner e dall'editore [B. Th. Breitkopf]
_o[per canto con accompagnato di cembalo, per cembalo solo]
_tGiornale musicale del Teatro italiano di St. Pietroburgo, o scelta d'arie, duetti, terzetti, overturi, etc. delle opere buffe, rappresentate sul Teatro imperiale de St. Pietroburgo, dati in luce ed acomodati per essere accompagnati d'un cembalo solo da Bernardo Theodoro Breitkopf, dilettante: Ноты
462 0 _1001RU\NLR\ONIZ\297890
_12001#$a[Т. 2]$v№ 20
_912720482
_d[1796]
_tGiornale musicale del Teatro italiano di St. Pietroburgo, o scelta d'arie, duetti, terzetti, overturi, etc. delle opere buffe, rappresentate sul Teatro imperiale de St. Pietroburgo, dati in luce ed acomodati per essere accompagnati d'un cembalo solo da Bernardo Theodoro Breitkopf, dilettante: Ноты. - [Т. 2]
_v№ 20
482 0 _6b03852
_1001RU\NLR\ONIZ\298497
_1852##$aNLR$bМ$j970-4/Ж.920(1)$p239717$t1
_913551473
_aБьянки, Ф. (1752-1810)
_d1795
_fdel sgr. Bianchi
_p16 с.
_tGiornale musicale del Teatro italiano di St. Pietroburgo, o scelta d'arie, duetti, terzetti, overturi, etc. delle opere buffe, rappresentate sul Teatro imperiale de St. Pietroburgo, dati in luce ed acomodati per essere accompagnati d'un cembalo solo da Bernardo Theodoro Breitkopf, dilettante: Ноты. - Overtura dell'opera "La villanella rapita"
_uhttps://vivaldi.nlr.ru/bn000011442/view
500 0 0 _aЦыгане на ярмарке
_lОпера
686 0 _aЩ943.4-41-071.2(4Ит)я43
700 1 _9z01790
_aПаизиелло
_bД.
_f1741-1816
_gДжованни
_4230
_7ca
702 1 _9z02790
_aГаспарини де Купис
_bД.
_f2-я пол. 18 в.
_gДжулия
_4721
_7ca
790 1 _9z01700
_aPaisiello
_bG.
_f1741-1816
_gGiovanni
_4230
_7ba
790 1 _9z02702
_aGasparini de Cupis
_bG.
_f2-я пол. 18 в.
_gGiulia
_4721
_7ba
801 0 _aRU
_bNLR
_c20230713
_gPSBO
801 1 _aRU
_bNLR
_c20230713
_2rusmarc
801 2 _aRU
_bNLR
_c20240531
852 _6b03482
_6b03316
_aNLR
_gМ
_j970-4/Ж.920(1)
_m22389
_t1
856 0 _uhttps://vivaldi.nlr.ru/bn000011460/view
856 1 _uhttps://vivaldi.nlr.ru/bn000011460/cover
856 2 _uhttps://vivaldi.nlr.ru/bn000011460/text
942 _cSCORE
980 _aONIZ
980 _aNB
981 2 4 _a(24) Нотные издания и аудиозаписи
981 2 0 _a(20) Книжные памятники РНБ
_b(20) ОНиЗ